Filosofia del derecho / (Registro nro. 18724)

Detalles MARC
000 -LEADER
fixed length control field 01066nam a2200313 4500
001 - CONTROL NUMBER
control field 0000013531
003 - CONTROL NUMBER IDENTIFIER
control field CO-CtgCURN
005 - DATE AND TIME OF LATEST TRANSACTION
control field 20250331184415.0
007 - PHYSICAL DESCRIPTION FIXED FIELD--GENERAL INFORMATION
fixed length control field ta
008 - FIXED-LENGTH DATA ELEMENTS--GENERAL INFORMATION
fixed length control field 160627s1990 000 0 eng d
020 ## - INTERNATIONAL STANDARD BOOK NUMBER
International Standard Book Number 9682437652
040 ## - CATALOGING SOURCE
Original cataloging agency CO-CtgCURN
Language of cataloging spa
Transcribing agency coctgcurn
082 0# - DEWEY DECIMAL CLASSIFICATION NUMBER
Classification number 340.1
Item number M17f
100 1# - MAIN ENTRY--PERSONAL NAME
Personal name Marquez Piñero, Rafael.
245 10 - TITLE STATEMENT
Title Filosofia del derecho /
Statement of responsibility, etc. Rafael Marquez Piñero.
260 ## - PUBLICATION, DISTRIBUTION, ETC.
Place of publication, distribution, etc. Mexico :
Name of publisher, distributor, etc. Trillas,
Date of publication, distribution, etc. 1990.
300 ## - PHYSICAL DESCRIPTION
Extent 67 p.
336 ## - CONTENT TYPE
Source rdacontent
337 ## - MEDIA TYPE
Source rdamedia
Media type term sin mediacion
Media type code n
338 ## - CARRIER TYPE
Source rdacarrier
Carrier type term volumen
Carrier type code nc
500 ## - GENERAL NOTE
General note Incluye indice.
504 ## - BIBLIOGRAPHY, ETC. NOTE
Bibliography, etc. note Bibliografia ( p. 59 )
505 8# - FORMATTED CONTENTS NOTE
Formatted contents note Filosofia y derecho antecedentes.--Objeto.logica construcción de lo juridico.--Jusnaturalismo, positivismo y realismo.--El concepto del derecho en el jusnaturalismo
650 14 - SUBJECT ADDED ENTRY--TOPICAL TERM
Topical term or geographic name entry element Filosofia.
908 ## - PUT COMMAND PARAMETER (RLIN)
Put command parameter 160627
942 ## - ADDED ENTRY ELEMENTS (KOHA)
Koha item type Libros
Classification part 340.1
Item part M17f
Source of classification or shelving scheme Dewey Decimal Classification
Existencias
Withdrawn status Lost status Source of classification or shelving scheme Damaged status Not for loan Collection Home library Current library Shelving location Date acquired Inventory number Total checkouts Full call number Barcode Date last seen Copy number Price effective from Koha item type Public note
    Dewey Decimal Classification     General Miguel Henríquez Castañeda Miguel Henríquez Castañeda General 03/31/2025 003390   340.1 M17f 003390 03/31/2025 ej.1 03/31/2025 Libros 340-DEREC
    Dewey Decimal Classification     General Miguel Henríquez Castañeda Miguel Henríquez Castañeda General 03/31/2025 003391   340.1 M17f 003391 03/31/2025 ej.2 03/31/2025 Libros 340-DEREC